000 00579nam a2200205 4500
001 144169
003 ES-MaACL
005 20230906200946.0
007 t|
008 070214s1956 sp r ||||1| spa d
100 1 _aSimpson, Margaret.
_9106598
245 1 0 _aDemasiado tarde /
_cMargaret Simpson ; [traducción de Matia Tieck].
260 _aBarcelona :
_bPlaneta,
_c1956 (
_fJ. Polonio)
300 _a274 p. ;
_c19 cm.
490 1 _aGoliat
700 1 _aTieck, Matia.
_9110225
830 0 _aGoliat
_9181396
852 _aES-MaACL
_jC-13412
_bR.39921
999 _c144169
_d144169